[Event "SLO-chT U20 Girls"]
[Site "Otocec"]
[Date "2015.08.27"]
[Round "4"]
[White "Kroselj, Lucija"]
[Black "Japic, Sabina"]
[Result "1-0"]
[WhiteElo "1572"]
[BlackElo "1302"]
[PlyCount "109"]
[EventDate "2015.08.26"]
[EventType "team-tourn"]
[EventRounds "5"]
[EventCountry "SLO"]
[SourceTitle "EXT 2019"]
[Source "ChessBase"]
[SourceDate "2018.10.10"]
[SourceVersion "1"]
[SourceVersionDate "2018.10.10"]
[SourceQuality "1"]

1. e4 c5 2. Nf3 d6 3. d4 cxd4 4. Nxd4 Nf6 5. Nc3 g6 6. Be2 Bg7 7. Be3 0-0 8. 0-0 Nc6 9. h3 Bd7 10. Qd2 a6 11. f4 b5 12. a3 Rc8 13. f5 Ne5 14. Bh6 Nc4 15. Bxc4 Rxc4 16. Bxg7 Kxg7 17. Kh1 Qb6 18. Rad1 Rfc8 19. Rfe1 R4c7 20. e5 dxe5 21. Rxe5 Bc6 22. Nxc6 Qxc6 23. Qe3 Qb7 24. Rd2 Re8 25. fxg6 hxg6 26. Nd5 Nxd5 27. Rexd5 e6 28. Qd4+ Kg8 29. Rd6 Rc6 30. Rd7 Rc7 31. c3 Qc8 32. Rd8 Rxd8 33. Qxd8+ Qxd8 34. Rxd8+ Kg7 35. Rd6 a5 36. Rb6 Rc5 37. b4 axb4 38. cxb4 Rd5 39. Kg1 Kf6 40. Kf2 Kf5 41. Ke3 Ke5 42. Ra6 f5 43. a4 f4+ 44. Kf3 bxa4 45. Rxa4 Kf5 46. Ra5 g5 47. g3 fxg3 48. Kxg3 Kf6 49. Rxd5 exd5 50. b5 d4 51. b6 d3 52. Kf2 Ke6 53. b7 d2 54. Ke2 Kd7 55. b8Q 1-0

[Event "SLO-chT U20 Girls"]
[Site "Otocec"]
[Date "2015.08.26"]
[Round "1"]
[White "Japic, Sabina"]
[Black "Vidmar, Klara"]
[Result "0-1"]
[WhiteElo "1302"]
[BlackElo "1452"]
[PlyCount "32"]
[EventDate "2015.08.26"]
[EventType "team-tourn"]
[EventRounds "5"]
[EventCountry "SLO"]
[SourceTitle "EXT 2019"]
[Source "ChessBase"]
[SourceDate "2018.10.10"]
[SourceVersion "1"]
[SourceVersionDate "2018.10.10"]
[SourceQuality "1"]

1. e4 c5 2. Nf3 Nc6 3. d4 cxd4 4. Nxd4 e5 5. Nb3 Nf6 6. Nc3 Bb4 7. Bd3 Bxc3+ 8. bxc3 h6 9. h3 d5 10. exd5 Qxd5 11. Be2 Qxg2 12. Bf3 Qg6 13. Bxc6+ bxc6 14. Qd6 Qe4+ 15. Kd2 Qxh1 16. Ba3 Qd5+ 0-1

[Event "SLO-chT U16 Girls"]
[Site "Debeli Rtic"]
[Date "2015.05.17"]
[Round "5"]
[White "Grabnar, Nika Tijana"]
[Black "Japic, Sabina"]
[Result "0-1"]
[WhiteElo "1061"]
[BlackElo "1302"]
[PlyCount "110"]
[EventDate "2015.05.15"]
[EventType "swiss"]
[EventRounds "6"]
[EventCountry "SLO"]
[SourceTitle "EXT 2023"]
[Source "ChessBase"]
[SourceDate "2022.10.05"]
[SourceVersion "1"]
[SourceVersionDate "2022.10.05"]
[SourceQuality "1"]

1. e4 c5 2. Nf3 d6 3. c3 Nc6 4. Bc4 Nf6 5. d3 e6 6. 0-0 Be7 7. h3 0-0 8. Be3 a6 9. Nbd2 Bd7 10. a3 b5 11. Ba2 a5 12. b3 Qc7 13. Rb1 b4 14. Qc1 Rfb8 15. d4 cxd4 16. cxd4 Qc8 17. Nc4 Nxe4 18. Nfd2 Nc3 19. Qe1 Nxa2 20. Ra1 Nc3 21. d5 Nxd5 22. Kh1 Nxe3 23. Qxe3 Qb7 24. Rfd1 d5 25. Nb2 Bf6 26. Rdb1 Qa7 27. Qe2 Nd4 28. Qe3 Nc2 29. Qxa7 Rxa7 30. Ra2 Nxa3 31. Rc1 Bg5 32. Rd1 Rc7 33. Raa1 Bf6 34. Ra2 Rc2 35. Nf3 Rxb2 36. Rxb2 Bxb2 37. Rd2 Bf6 38. Rd1 h6 39. Rc1 Rc8 40. Rd1 Bb5 41. Nh2 a4 42. bxa4 Bxa4 43. Re1 b3 44. Ng4 b2 45. Nxf6+ gxf6 46. Kh2 Rc1 47. Re3 b1Q 48. Rg3+ Kh7 49. Rg7+ Kxg7 50. Kg3 Qd3+ 51. Kh2 Qe2 52. Kg3 Rc2 53. Kh4 Qxf2+ 54. Kh5 Qf5+ 55. Kh4 Qg5# 0-1

[Event "SLO-chT U16 Girls"]
[Site "Debeli Rtic"]
[Date "2015.05.17"]
[Round "6"]
[White "Kuhar, Larisa"]
[Black "Japic, Sabina"]
[Result "1/2-1/2"]
[WhiteElo "1438"]
[BlackElo "1302"]
[PlyCount "38"]
[EventDate "2015.05.15"]
[EventType "swiss"]
[EventRounds "6"]
[EventCountry "SLO"]
[SourceTitle "EXT 2023"]
[Source "ChessBase"]
[SourceDate "2022.10.05"]
[SourceVersion "1"]
[SourceVersionDate "2022.10.05"]
[SourceQuality "1"]

1. e4 c5 2. Nf3 d6 3. d4 cxd4 4. Nxd4 Nf6 5. Nc3 g6 6. Be2 Bg7 7. 0-0 0-0 8. Be3 Nc6 9. f4 Bd7 10. Bf3 Rb8 11. Rb1 a6 12. a3 Nxd4 13. Bxd4 Qc7 14. h3 b5 15. Kh1 Qc8 16. Kg1 Qc7 17. Kh1 Qc8 18. Kg1 Qc7 19. Kh1 Qc8 1/2-1/2

[Event "SLO-chT (Women)"]
[Site "Ljubljana"]
[Date "2015.04.12"]
[Round "7.3"]
[White "Hercog, Nusa"]
[Black "Japic, Sabina"]
[Result "1/2-1/2"]
[WhiteElo "1701"]
[BlackElo "1308"]
[PlyCount "92"]
[EventDate "2015.03.12"]
[EventType "team-tourn"]
[EventRounds "7"]
[EventCountry "SLO"]
[SourceTitle "EXT 2019"]
[Source "ChessBase"]
[SourceDate "2018.10.10"]
[SourceVersion "1"]
[SourceVersionDate "2018.10.10"]
[SourceQuality "1"]
[WhiteTeam "Celje (W)"]
[BlackTeam "Nova Gorica (W)"]
[WhiteTeamCountry "SLO"]
[BlackTeamCountry "SLO"]

1. d4 Nf6 2. Nf3 d6 3. c4 g6 4. Nc3 Bg7 5. e4 0-0 6. Be2 c5 7. 0-0 cxd4 8. Nxd4 Nc6 9. Be3 Bd7 10. Qd2 a6 11. Rac1 Rc8 12. f3 Nxd4 13. Bxd4 Be6 14. Nd5 Bxd5 15. cxd5 Qd7 16. Rxc8 Rxc8 17. Rc1 Rxc1+ 18. Qxc1 Ne8 19. Be3 Qc7 20. Qd2 Qd7 21. b3 Be5 22. f4 Bg7 23. h3 Nf6 24. Bf3 Qc7 25. g4 Nd7 26. Kg2 Qc8 27. Kg3 Qc3 28. Qe2 Nc5 29. h4 Qb2 30. Qxb2 Bxb2 31. Bxc5 dxc5 32. e5 b6 33. g5 Kf8 34. Be2 a5 35. Bb5 Bd4 36. Kg4 e6 37. d6 Bc3 38. h5 Bd4 39. hxg6 hxg6 40. Kf3 Bc3 41. Ke2 Bb2 42. Kd2 Bd4 43. Kd3 Bf2 44. Bc6 Bg3 45. Ke4 Bf2 46. a4 Bg3 1/2-1/2

[Event "SLO-ch U16 Girls"]
[Site "Bled"]
[Date "2015.02.26"]
[Round "5"]
[White "Hrescak, Ivana"]
[Black "Japic, Sabina"]
[Result "1-0"]
[WhiteElo "2009"]
[BlackElo "1246"]
[PlyCount "55"]
[EventDate "2015.02.21"]
[EventType "tourn"]
[EventRounds "7"]
[EventCountry "SLO"]
[SourceTitle "EXT 2023"]
[Source "ChessBase"]
[SourceDate "2022.10.05"]
[SourceVersion "1"]
[SourceVersionDate "2022.10.05"]
[SourceQuality "1"]

1. d4 Nf6 2. c4 g6 3. Nc3 Bg7 4. e4 d6 5. f3 0-0 6. Be3 Nc6 7. Nge2 e5 8. Qd2 Bd7 9. d5 Ne7 10. g4 Qc8 11. Ng3 a6 12. Be2 Rd8 13. h4 c6 14. h5 cxd5 15. cxd5 b5 16. Bh6 Bh8 17. Qg5 b4 18. Nd1 Qb7 19. Qh4 Bb5 20. Bxb5 Qxb5 21. Bg5 b3 22. a3 Qa5+ 23. Nc3 Qc5 24. Bxf6 Qe3+ 25. Nge2 Bxf6 26. Qxf6 Qa7 27. Qh4 Nc8 28. Qxd8+ 1-0

[Event "SLO-ch U16 Girls"]
[Site "Bled"]
[Date "2015.02.24"]
[Round "2"]
[White "Bajt, Hana"]
[Black "Japic, Sabina"]
[Result "1-0"]
[WhiteElo "1430"]
[BlackElo "1246"]
[PlyCount "107"]
[EventDate "2015.02.21"]
[EventType "tourn"]
[EventRounds "7"]
[EventCountry "SLO"]
[SourceTitle "EXT 2023"]
[Source "ChessBase"]
[SourceDate "2022.10.05"]
[SourceVersion "1"]
[SourceVersionDate "2022.10.05"]
[SourceQuality "1"]

1. e4 c5 2. Nf3 d6 3. c3 Nf6 4. d3 Nc6 5. g3 g6 6. Bg2 Bg7 7. Be3 Bg4 8. Nbd2 Ne5 9. Qc2 Nxf3+ 10. Nxf3 b5 11. e5 Nd7 12. exd6 exd6 13. 0-0 0-0 14. Bf4 Nf6 15. d4 c4 16. a4 Bf5 17. Qc1 a6 18. axb5 axb5 19. Rxa8 Qxa8 20. Bxd6 Re8 21. Nh4 Be4 22. Bxe4 Nxe4 23. Bb4 Qa4 24. Re1 Nf6 25. Rxe8+ Nxe8 26. Ng2 Nc7 27. Ne3 Bxd4 28. Qd2 Qa1+ 29. Kg2 Qa8+ 30. f3 Bxe3 31. Qxe3 Qe8 32. Qxe8+ Nxe8 33. Kf2 Nc7 34. Ke3 f5 35. Kd4 Kf7 36. Kc5 Ke8 37. Kc6 Ne6 38. f4 g5 39. fxg5 Nxg5 40. Kxb5 Nf3 41. h4 Nd2 42. Bd6 Ne4 43. Bf4 Kd7 44. Kxc4 Kc6 45. b4 Kb6 46. Kd4 Kb5 47. g4 Nf6 48. gxf5 Nh5 49. Be5 Kc6 50. c4 Kb6 51. b5 Kb7 52. c5 Kc8 53. b6 Kb7 54. f6 1-0

[Event "Nova Gorica op-A 20th"]
[Site "Nova Gorica"]
[Date "2015.02.02"]
[Round "6"]
[White "Japic, Sabina"]
[Black "Jelen, Miha"]
[Result "0-1"]
[WhiteElo "1246"]
[BlackElo "1564"]
[PlyCount "82"]
[EventDate "2015.01.30"]
[EventType "swiss"]
[EventRounds "9"]
[EventCountry "SLO"]
[SourceTitle "CBM 164 Extra"]
[Source "ChessBase"]
[SourceDate "2015.03.02"]
[SourceVersion "1"]
[SourceVersionDate "2015.03.02"]
[SourceQuality "1"]

1. e4 e5 2. Nf3 Nc6 3. d4 exd4 4. Bc4 Nf6 5. e5 d5 6. Bb5 Ne4 7. Nxd4 Bd7 8. Bxc6 Bxc6 9. Nxc6 bxc6 10. 0-0 Bc5 11. Nc3 Nxc3 12. bxc3 0-0 13. Re1 Re8 14. Be3 Bb6 15. Bxb6 axb6 16. Qd2 Qd7 17. h3 h6 18. Qd3 b5 19. Qd4 Qf5 20. a4 bxa4 21. Rxa4 Qxc2 22. Rxa8 Rxa8 23. e6 fxe6 24. Rxe6 Ra1+ 25. Kh2 Ra4 26. Qe3 Rc4 27. Re8+ Kh7 28. Qe5 Qxf2 29. Qxc7 Rxc3 30. Re7 Qf6 31. Rd7 Rc4 32. Rf7 Qg6 33. Rd7 Rc2 34. Qg3 Qxg3+ 35. Kxg3 Kg6 36. Rd6+ Kg5 37. h4+ Kh5 38. Kh3 Rc3+ 39. g3 g5 40. Rf6 gxh4 41. Kg2 hxg3 0-1

[Event "Nova Gorica op-A 20th"]
[Site "Nova Gorica"]
[Date "2015.02.01"]
[Round "4"]
[White "Kolsek, Jan"]
[Black "Japic, Sabina"]
[Result "1/2-1/2"]
[WhiteElo "1651"]
[BlackElo "1246"]
[PlyCount "39"]
[EventDate "2015.01.30"]
[EventType "swiss"]
[EventRounds "9"]
[EventCountry "SLO"]
[SourceTitle "CBM 164 Extra"]
[Source "ChessBase"]
[SourceDate "2015.03.02"]
[SourceVersion "1"]
[SourceVersionDate "2015.03.02"]
[SourceQuality "1"]

1. e4 c5 2. d4 cxd4 3. c3 dxc3 4. Bc4 e6 5. Nxc3 Be7 6. Nf3 d6 7. Bf4 Nf6 8. 0-0 0-0 9. Qe2 e5 10. Be3 Bg4 11. h3 Bxf3 12. Qxf3 Nc6 13. Rfd1 a6 14. Qg3 Re8 15. Bh6 g6 16. Qf3 b5 17. Bd5 Rc8 18. Ne2 Bf8 19. Bg5 Be7 20. Bh6 1/2-1/2

[Event "SLO-chT U20 Girls"]
[Site "Bled"]
[Date "2014.08.26"]
[Round "4.2"]
[White "Jereb, Lana"]
[Black "Japic, Sabina"]
[Result "1/2-1/2"]
[WhiteElo "1319"]
[BlackElo "1225"]
[PlyCount "54"]
[EventDate "2014.08.23"]
[EventType "team-swiss"]
[EventRounds "5"]
[EventCountry "SLO"]
[SourceTitle "EXT 2022"]
[Source "ChessBase"]
[SourceDate "2021.10.06"]
[SourceVersion "1"]
[SourceVersionDate "2021.10.06"]
[SourceQuality "1"]
[WhiteTeam "Postojna U20 Girls"]
[BlackTeam "Nova Gorica U20 Girls"]
[WhiteTeamCountry "SLO"]
[BlackTeamCountry "SLO"]

1. e4 c5 2. Nc3 Nc6 3. g3 g6 4. Bg2 Bg7 5. d3 d6 6. f4 Nf6 7. Nf3 0-0 8. 0-0 Bg4 9. Be3 a6 10. Rb1 b5 11. a3 Rb8 12. Qd2 Bxf3 13. Bxf3 Nd4 14. Bg2 Ng4 15. Bxd4 Bxd4+ 16. Kh1 Ne3 17. Rfe1 Nxg2 18. Kxg2 a5 19. Rf1 b4 20. axb4 axb4 21. Ne2 Bg7 22. f5 Ra8 23. fxg6 fxg6 24. Rxf8+ Qxf8 25. Rf1 Qc8 26. b3 Ra1 27. Rxa1 Bxa1 1/2-1/2

[Event "SLO-chT U20 Girls"]
[Site "Bled"]
[Date "2014.08.25"]
[Round "2.2"]
[White "Japic, Sabina"]
[Black "Rozman, Monika"]
[Result "0-1"]
[WhiteElo "1225"]
[BlackElo "1886"]
[PlyCount "56"]
[EventDate "2014.08.23"]
[EventType "team-swiss"]
[EventRounds "5"]
[EventCountry "SLO"]
[SourceTitle "EXT 2022"]
[Source "ChessBase"]
[SourceDate "2021.10.06"]
[SourceVersion "1"]
[SourceVersionDate "2021.10.06"]
[SourceQuality "1"]
[WhiteTeam "Nova Gorica U20 Girls"]
[BlackTeam "Tomo Zupan Vzajemna U20 Girls"]
[WhiteTeamCountry "SLO"]
[BlackTeamCountry "SLO"]

1. e4 c5 2. Nf3 d6 3. d4 cxd4 4. Nxd4 Nf6 5. Nc3 a6 6. Bd3 e5 7. Nf3 Be7 8. h3 b5 9. a3 Bb7 10. Be3 Nbd7 11. 0-0 0-0 12. Qd2 Rc8 13. Rad1 Qc7 14. Rfe1 Nc5 15. Bxc5 dxc5 16. Qe3 Rfe8 17. Nd5 Bxd5 18. exd5 e4 19. Bxe4 Bd6 20. Qc3 c4 21. Qd4 Bc5 22. d6 Qb6 23. Bxh7+ Nxh7 24. Qd2 Rxe1+ 25. Nxe1 Rd8 26. d7 Nf6 27. Nf3 Rxd7 28. Qe1 Bxf2+ 0-1

[Event "SLO-chT U16 Girls"]
[Site "Rogla"]
[Date "2013.05.12"]
[Round "5"]
[White "Petauer, Zala"]
[Black "Japic, Sabina"]
[Result "1/2-1/2"]
[WhiteElo "1338"]
[BlackElo "1242"]
[PlyCount "63"]
[EventDate "2013.05.10"]
[EventType "team"]
[EventRounds "6"]
[EventCountry "SLO"]
[SourceTitle "EXT 2015"]
[Source "ChessBase"]
[SourceDate "2014.11.20"]
[SourceVersion "1"]
[SourceVersionDate "2014.11.20"]
[SourceQuality "1"]

1. e4 c5 2. Nf3 d6 3. d4 cxd4 4. Nxd4 Nf6 5. Nc3 g6 6. Be3 Bg7 7. Be2 0-0 8. Qd2 Nc6 9. 0-0-0 Bd7 10. f3 a6 11. h4 b5 12. g4 b4 13. Nd5 Nxd5 14. exd5 Nxd4 15. Bxd4 a5 16. Bxg7 Kxg7 17. h5 Rh8 18. hxg6 fxg6 19. Qd4+ Kg8 20. f4 Qf8 21. Rdg1 Qf6 22. Qe4 Rf8 23. Rf1 Qf7 24. f5 g5 25. Rh5 h6 26. Rfh1 Kg7 27. Qg2 Qf6 28. Bd3 a4 29. Qe4 b3 30. a3 bxc2 31. Bxc2 Rc8 32. Re1 1/2-1/2

[Event "SLO-ch U14 Girls"]
[Site "Murska Sobota"]
[Date "2013.02.23"]
[Round "1"]
[White "Nemec, Hana"]
[Black "Japic, Sabina"]
[Result "1-0"]
[WhiteElo "1680"]
[BlackElo "1252"]
[PlyCount "67"]
[EventDate "2013.02.23"]
[EventType "swiss"]
[EventRounds "7"]
[EventCountry "SLO"]
[SourceTitle "EXT 2022"]
[Source "ChessBase"]
[SourceDate "2021.10.06"]
[SourceVersion "1"]
[SourceVersionDate "2021.10.06"]
[SourceQuality "1"]

1. d4 Nf6 2. c4 c5 3. d5 b5 4. cxb5 a6 5. bxa6 Bxa6 6. Nc3 d6 7. Nf3 g6 8. g3 Bg7 9. Bg2 0-0 10. 0-0 Nbd7 11. Rb1 Qc7 12. Qc2 Nb6 13. Rd1 Bc4 14. a3 Bxd5 15. Nxd5 Nbxd5 16. Ne1 e6 17. e4 Nb6 18. e5 Nfd5 19. exd6 Qxd6 20. Bf4 Qe7 21. Nd3 c4 22. Nb4 Rac8 23. Nxd5 exd5 24. Bxd5 Rfd8 25. Bf3 Rxd1+ 26. Rxd1 Qf6 27. Bg4 Re8 28. Be3 Na8 29. Qxc4 Qxb2 30. Rd7 Qf6 31. Bd4 Re1+ 32. Kg2 Nb6 33. Bxb6 Qxb6 34. Qxf7+ 1-0

[Event "Wch U12 Girls"]
[Site "Maribor"]
[Date "2012.11.17"]
[Round "10.59"]
[White "Japic, Sabina"]
[Black "Mariam, Essa"]
[Result "0-1"]
[WhiteElo "1283"]
[BlackElo "1343"]
[PlyCount "116"]
[EventDate "2012.11.08"]
[EventType "swiss"]
[EventRounds "11"]
[EventCountry "SLO"]
[SourceTitle "EXT 2013"]
[Source "ChessBase"]
[SourceDate "2012.11.22"]
[SourceVersion "1"]
[SourceVersionDate "2012.11.22"]
[SourceQuality "1"]

1. e4 c5 2. Nf3 e6 3. d4 cxd4 4. Nxd4 a6 5. Bc4 Nf6 6. Nc3 Bb4 7. Bd2 Bxc3 8. Bxc3 Nxe4 9. Qg4 Ng5 10. f4 d5 11. Bd3 e5 12. Qxg5 Qxg5 13. fxg5 exd4 14. Bxd4 0-0 15. 0-0 Nc6 16. Bc5 Re8 17. Rfe1 Bd7 18. Rad1 Re5 19. Rxe5 Nxe5 20. Re1 Re8 21. Bd4 Nf3+ 22. gxf3 Rxe1+ 23. Kf2 Re8 24. c4 dxc4 25. Bxc4 Be6 26. Bxe6 Rxe6 27. a3 b5 28. Bc3 g6 29. Kg3 Re2 30. h4 Kf8 31. Kg4 Ke8 32. f4 Kd7 33. Kf3 Re8 34. Kg4 Kc6 35. h5 Kd5 36. hxg6 hxg6 37. Kf3 Kc4 38. Be5 Rd8 39. Ke4 Kb3 40. f5 Rd2 41. fxg6 fxg6 42. Bh8 Rxb2 43. Bxb2 Kxb2 44. Ke5 Kxa3 45. Kf6 b4 46. Kxg6 b3 47. Kh7 b2 48. g6 b1Q 49. Kh8 Kb4 50. g7 Qb2 51. Kh7 Qxg7+ 52. Kxg7 a5 53. Kf6 a4 54. Ke5 a3 55. Kd4 a2 56. Kd3 a1Q 57. Kc2 Qd4 58. Kc1 Kb3 0-1

[Event "Wch U12 Girls"]
[Site "Maribor"]
[Date "2012.11.14"]
[Round "7.50"]
[White "Schloffer, Jasmin Denise"]
[Black "Japic, Sabina"]
[Result "1-0"]
[WhiteElo "1499"]
[BlackElo "1283"]
[PlyCount "51"]
[EventDate "2012.11.08"]
[EventType "swiss"]
[EventRounds "11"]
[EventCountry "SLO"]
[SourceTitle "EXT 2013"]
[Source "ChessBase"]
[SourceDate "2012.11.22"]
[SourceVersion "1"]
[SourceVersionDate "2012.11.22"]
[SourceQuality "1"]

1. d4 Nf6 2. c4 c5 3. d5 b5 4. Nf3 bxc4 5. Nc3 g6 6. e4 d6 7. Bxc4 Bg7 8. Qc2 0-0 9. 0-0 Nbd7 10. Bd2 Ng4 11. Be2 Nge5 12. Nxe5 Nxe5 13. f4 Nd7 14. Qd3 Qb6 15. Qc2 Rb8 16. Rab1 Bd4+ 17. Kh1 Bg7 18. Na4 Qc7 19. Bc3 Bxc3 20. Nxc3 Nb6 21. g4 e6 22. f5 exd5 23. f6 Nc4 24. Bxc4 dxc4 25. Qd2 Bxg4 26. Qh6 1-0